[Event "Women's Speed Chess Q2"]
[Site "chess.com INT"]
[Date "2020.06.19"]
[Round "13"]
[White "Stefanova, Antoaneta"]
[Black "Babiy, Olga"]
[Result "1-0"]
[WhiteTitle "GM"]
[BlackTitle "WGM"]
[WhiteElo "2462"]
[BlackElo "2228"]
[WhiteFideId "2902257"]
[BlackFideId "14117258"]
[EventDate "2020.06.19"]

1. d4 d5 2. Bf4 Nf6 3. e3 c5 4. Nf3 Nc6 5. Nbd2 cxd4 6. exd4 Bg4 7. c3 e6 8. Qb3
Qc8 9. h3 Bxf3 10. Nxf3 Be7 11. Bd3 O-O 12. O-O Na5 13. Qc2 Nc4 14. Rfe1 g6 15.
Ne5 Nxe5 16. Bxe5 Nd7 17. Bf4 Bf6 18. Re3 Qc6 19. Rae1 Rac8 20. Qd2 Rfe8 21. h4
h5 22. Rg3 Bxh4 23. Rh3 Bf6 24. g4 hxg4 25. Rh2 Bg7 26. Bh6 Nf8 27. Bxg7 Kxg7
28. Qh6+ Kf6 29. Qh4+ g5 30. Qxg4 Ng6 31. Rh5 Rh8 32. Bxg6 fxg6 33. Qxg5+ Kf7
34. Qf4+ Ke7 35. Rhe5 Rcf8 36. Qg5+ Rf6 37. Rxe6+ Qxe6 38. Rxe6+ Kxe6 39. Qe5+
Kf7 40. Qc7+ Ke6 41. Qe5+ Kf7 42. Qxd5+ Kg7 43. Qxb7+ Rf7 44. Qe4 Rhf8 45. Qe5+
Kg8 46. Qg3 Kg7 47. d5 Rf3 48. Qe5+ Kh6 49. Qe2 R8f5 50. c4 Rg5+ 51. Kf1 Rh3 52.
Qe7 Rh1+ 53. Ke2 Rf5 54. d6 Rh2 55. Qe3+ Kh5 56. d7 Rf8 57. c5 g5 58. c6 g4 59.
Qe5+ 1-0

[Event "Women's Speed Chess Q2"]
[Site "chess.com INT"]
[Date "2020.06.19"]
[Round "13"]
[White "Kiolbasa, Oliwia"]
[Black "Vantika, Agrawal"]
[Result "0-1"]
[WhiteTitle "WIM"]
[BlackTitle "WIM"]
[WhiteElo "2160"]
[BlackElo "2286"]
[WhiteFideId "1154613"]
[BlackFideId "25050389"]
[EventDate "2020.06.19"]

1. e4 c5 2. Nf3 d6 3. d4 cxd4 4. Nxd4 Nf6 5. Nc3 a6 6. Be3 e5 7. Nb3 Be6 8. Qd2
Nbd7 9. O-O-O Be7 10. f4 b5 11. h3 O-O 12. f5 Bc4 13. g4 Bxf1 14. Rhxf1 b4 15.
Nd5 Nxe4 16. Qxb4 Nec5 17. Nxe7+ Qxe7 18. f6 Nxb3+ 19. axb3 Nxf6 20. Bg5 Rfd8
21. Bxf6 gxf6 22. Qe4 a5 23. Rf5 d5 24. Rxd5 Rxd5 25. Qxd5 Rd8 26. Qf3 Rd6 27.
h4 e4 28. Qe2 e3 29. Rf3 Re6 30. Kb1 Qc5 31. Rf1 Kg7 32. Re1 Qd4 33. Ka2 a4 34.
Qc4 axb3+ 35. cxb3 Qa7+ 36. Kb1 Ra6 37. g5 Ra1+ 38. Kc2 Rxe1 39. gxf6+ Kxf6 40.
Qc3+ Kg6 41. Qxe1 Qd4 42. Qe2 Qe4+ 43. Qd3 Kf5 44. Qxe4+ Kxe4 45. Kd1 f5 46. b4
f4 47. b5 Kd5 48. b4 Kd6 49. Ke2 Kc7 50. Kd3 Kb6 0-1

[Event "Women's Speed Chess Q2"]
[Site "chess.com INT"]
[Date "2020.06.19"]
[Round "13"]
[White "Kabanova, Ekaterina"]
[Black "Solozhenkina, Elizaveta"]
[Result "0-1"]
[WhiteTitle "WFM"]
[BlackTitle "WIM"]
[WhiteElo "2138"]
[BlackElo "2301"]
[WhiteFideId "24112917"]
[BlackFideId "34106615"]
[EventDate "2020.06.19"]

1. c4 e6 2. Nf3 d5 3. e3 Nf6 4. a3 Bd6 5. b4 c5 6. bxc5 Bxc5 7. Qc2 b6 8. Bb2
O-O 9. h4 Nbd7 10. Be2 Bb7 11. d3 Rc8 12. Nbd2 Qe7 13. Nb3 dxc4 14. dxc4 e5 15.
Rd1 Bxa3 16. Bxa3 Qxa3 17. O-O Qe7 18. Qa2 a5 19. Qb1 h6 20. Nbd2 Rfd8 21. Rc1
Qe6 22. Qb2 Ne4 23. Rfd1 f6 24. Nf1 Ndc5 25. h5 Ng5 26. Nh4 f5 27. Ng6 e4 28.
Ng3 Nd3 29. Qa1 Nxc1 30. Rxc1 Rc5 31. Nf4 Qd7 32. Qb1 Qc6 33. Rd1 Rxd1+ 34. Qxd1
Kh7 35. Qd8 Qc7 36. Qe8 Qf7 37. Qb8 Rc8 38. Qe5 Rc5 39. Qb8 a4 40. Ng6 Rc8 41.
Qe5 a3 42. Nxf5 a2 43. Nd6 Qf6 44. Nxc8 Qxe5 45. Nce7 a1=Q+ 46. Bf1 Qxe7 47.
Nxe7 Ba6 48. Ng6 Bxc4 49. Nf8+ Kg8 50. Ng6 Qxf1+ 51. Kh2 Qxf2 52. Nf4 Nf3+ 53.
Kh3 Qh4# 0-1

[Event "Women's Speed Chess Q2"]
[Site "chess.com INT"]
[Date "2020.06.19"]
[Round "13"]
[White "Sharmin, Samiha Shimmi"]
[Black "Bogumil, Tatiana"]
[Result "1-0"]
[WhiteTitle "WCM"]
[BlackTitle "WGM"]
[WhiteElo "1812"]
[BlackElo "2182"]
[WhiteFideId "10203087"]
[BlackFideId "4110579"]
[EventDate "2020.06.19"]

1. e4 g6 2. d4 Bg7 3. Nc3 c6 4. Be3 d6 5. Qd2 b5 6. f3 a5 7. Bd3 Nd7 8. h4 h6 9.
O-O-O a4 10. g4 Qa5 11. f4 b4 12. Nce2 b3 13. cxb3 axb3 14. a3 Qxd2+ 15. Bxd2
Ba6 16. Bxa6 Rxa6 17. Bc3 Ngf6 18. d5 cxd5 19. exd5 O-O 20. g5 Ne4 21. Bxg7 Kxg7
22. gxh6+ Kxh6 23. Rh2 Rc8+ 24. Kb1 Rc2 25. Rc1 Rxc1+ 26. Nxc1 Ndc5 27. Nf3 Ra4
28. Re2 f5 29. Re3 Nf6 30. Nxb3 Nxd5 31. Nxc5 dxc5 32. Re1 Nxf4 33. Ng5 Nd5 34.
Nf7+ Kg7 35. Ng5 Rxh4 36. Re5 Rd4 37. Ne6+ Kf6 38. Nxd4 Kxe5 39. Nc6+ Kd6 40.
Nd8 f4 41. Kc2 f3 42. Kd3 g5 43. Nf7+ 1-0

[Event "Women's Speed Chess Q2"]
[Site "chess.com INT"]
[Date "2020.06.19"]
[Round "13"]
[White "Mkrtchian, Lilit"]
[Black "Voit, Daria"]
[Result "0-1"]
[WhiteTitle "IM"]
[BlackTitle "WGM"]
[WhiteElo "2388"]
[BlackElo "2343"]
[WhiteFideId "13300601"]
[BlackFideId "4182146"]
[EventDate "2020.06.19"]

1. d4 Nf6 2. c4 e6 3. Nf3 b6 4. g3 Bb7 5. Bg2 Be7 6. O-O O-O 7. Nc3 Ne4 8. Bd2
d6 9. Qc2 Nxd2 10. Qxd2 Nd7 11. e4 c5 12. d5 e5 13. h4 g6 14. Bh3 f5 15. exf5
gxf5 16. Qh6 Bc8 17. Ng5 Bxg5 18. hxg5 Qe7 19. f4 Rf7 20. Rae1 a6 21. Qe6 Qf8
22. Qh6 Qxh6 23. gxh6 Rf6 24. b3 Kf7 25. Kg2 Kg6 26. Rh1 Rb8 27. Nd1 b5 28. cxb5
Rxb5 29. Ne3 a5 30. Rhf1 e4 31. Nc4 Nb6 32. Na3 Rb4 33. Rc1 a4 34. Nc2 Rb5 35.
bxa4 Nxa4 36. Rb1 Rxb1 37. Rxb1 Kxh6 38. Rb8 Bd7 39. Na3 Nc3 40. Nc4 Nxd5 41.
Kf2 Nb4 42. Bg2 d5 43. Nb6 Bb5 44. Nc8 Bc4 45. Ne7 Kg7 0-1

[Event "Women's Speed Chess Q2"]
[Site "chess.com INT"]
[Date "2020.06.19"]
[Round "13"]
[White "Zhao, Xue"]
[Black "Karnaukhova, Elmira"]
[Result "1-0"]
[WhiteTitle "GM"]
[BlackTitle "WGM"]
[WhiteElo "2486"]
[BlackElo "2319"]
[WhiteFideId "8601283"]
[BlackFideId "4148827"]
[EventDate "2020.06.19"]

1. Nf3 Nf6 2. e3 c5 3. b3 g6 4. Bb2 Bg7 5. d3 O-O 6. Nbd2 b6 7. Be2 Bb7 8. O-O
d6 9. c4 Nbd7 10. a3 Rc8 11. b4 Qc7 12. Qb3 a5 13. d4 d5 14. dxc5 bxc5 15. b5 e6
16. a4 Nb6 17. Rac1 Ne8 18. Bxg7 Nxg7 19. Rc2 Nf5 20. Rfc1 Nd7 21. Qb2 h5 22.
Nb3 Qb6 23. Ne5 Nxe5 24. Qxe5 dxc4 25. Rxc4 Bd5 26. Rxc5 Rxc5 27. Nxc5 Rc8 28.
Nd3 Rxc1+ 29. Nxc1 Qc5 30. Qb2 Nh4 31. Bf1 Qb6 32. Nd3 Qb7 33. Nf4 Be4 34. Qf6
Nf5 35. h3 Bc2 36. Qd8+ Kg7 37. Qd2 Bxa4 38. g4 hxg4 39. hxg4 Nh4 40. Qd4+ Kh7
41. Qxa4 Nf3+ 42. Kh1 Ne5+ 43. Bg2 Qe7 44. Kg1 Nxg4 45. Nxg6 Qg5 46. Nf4 Qh4 47.
Nh3 f5 48. b6 Qf6 49. b7 Qd8 50. Qc2 Qb8 51. Qc8 Qd6 52. b8=Q Qd1+ 53. Bf1 Qf3
54. Qg8+ Kh6 55. Qg5+ Kh7 56. Qbg8# 1-0

[Event "Women's Speed Chess Q2"]
[Site "chess.com INT"]
[Date "2020.06.19"]
[Round "13"]
[White "Zhuravleva, Olga"]
[Black "Andriasyan, Siranush"]
[Result "1-0"]
[WhiteTitle "WIM"]
[BlackTitle "WIM"]
[WhiteElo "2278"]
[BlackElo "2298"]
[WhiteFideId "4145933"]
[BlackFideId "13301926"]
[EventDate "2020.06.19"]

1. e4 e5 2. Nf3 Nc6 3. Bc4 Nf6 4. Ng5 d5 5. exd5 Na5 6. Bb5+ c6 7. dxc6 bxc6 8.
Be2 h6 9. Nf3 e4 10. Ne5 Bd6 11. f4 exf3 12. Nxf3 c5 13. O-O O-O 14. Nc3 Bb7 15.
Kh1 a6 16. d4 Qc7 17. d5 Rad8 18. Nh4 Bxh2 19. Bf3 Bg3 20. Nf5 Qe5 21. Nxg3 Qxg3
22. Be3 Nxd5 23. Nxd5 Bxd5 24. Qe1 Qe5 25. Qxa5 Qxe3 26. Qxa6 Bxf3 27. Rxf3 Qd2
28. Qc4 Rd4 29. Qxc5 Rh4+ 30. Kg1 Rg4 31. Qf2 Qb4 32. c3 Qc4 33. b3 Qa6 34. c4
Qg6 35. Rf1 h5 36. Rh3 Re8 37. Qf3 Re6 38. Rh2 Rf6 39. Qa8+ Kh7 40. Rxf6 gxf6
41. Qf3 Qb1+ 42. Qf1 Qxa2 43. Rxh5+ Kg6 44. Qf5+ Kg7 45. Qxg4+ Kf8 46. Rh8+ Ke7
47. Qe4+ Kd6 48. Qd5+ Kc7 49. Qc5+ Kd7 50. Rf8 Qb1+ 51. Kh2 Qh7+ 52. Kg3 Qg7+
53. Kf2 Qg4 54. Rxf7+ Ke8 55. Qe7# 1-0

[Event "Women's Speed Chess Q2"]
[Site "chess.com INT"]
[Date "2020.06.19"]
[Round "13"]
[White "Gokbulut, Julia"]
[Black "Franco Valencia, Beatriz Irene"]
[Result "0-1"]
[WhiteTitle "WFM"]
[BlackTitle "WGM"]
[WhiteElo "1970"]
[BlackElo "2103"]
[WhiteFideId "4153979"]
[BlackFideId "4402618"]
[EventDate "2020.06.19"]

1. d4 d6 2. c4 e5 3. d5 a5 4. Nc3 Be7 5. e4 Bg5 6. Nf3 Bxc1 7. Qxc1 Ne7 8. h4
O-O 9. h5 f5 10. Bd3 h6 11. Qd2 Na6 12. O-O-O Nc5 13. Bc2 fxe4 14. Nxe4 Nxe4 15.
Bxe4 Bf5 16. Qc2 b6 17. Nh4 Bxe4 18. Qxe4 Rf4 19. Qe2 Qf8 20. f3 Rf6 21. g4 Rf4
22. Kb1 Qf6 23. Rdf1 Rf8 24. Rfg1 Qg5 25. b3 b5 26. Ka1 bxc4 27. bxc4 Rd4 28.
Rd1 Rxd1+ 29. Qxd1 Qe3 30. Qc1 Qd4+ 31. Qb2 Qxc4 32. Rc1 Qxd5 33. Rxc7 Qe6 34.
Qb7 Rf7 35. Qb8+ Kh7 36. Qb7 e4 37. Nf5 Qe5+ 38. Kb1 exf3 39. Nxe7 Qe1+ 40. Kb2
Qe5+ 41. Ka3 Qe3+ 42. Qb3 Qxb3+ 43. axb3 f2 44. Rc1 f1=Q 45. Rxf1 Rxf1 46. Ng6
d5 0-1

[Event "Women's Speed Chess Q2"]
[Site "chess.com INT"]
[Date "2020.06.19"]
[Round "13"]
[White "Hernandez Bonilla, Amelia"]
[Black "Kanyamarala, Trisha"]
[Result "0-1"]
[WhiteTitle "WFM"]
[BlackTitle "WIM"]
[WhiteElo "2016"]
[BlackElo "2193"]
[WhiteFideId "3900193"]
[BlackFideId "45004722"]
[EventDate "2020.06.19"]

1. d4 Nf6 2. Nf3 d5 3. e3 e6 4. Bd3 c5 5. c3 Nc6 6. Nbd2 Bd6 7. O-O O-O 8. Qe2
e5 9. dxc5 Bxc5 10. e4 Bg4 11. exd5 Nxd5 12. Ne4 Be7 13. Rd1 Qb6 14. h3 Bh5 15.
Ng3 Bxf3 16. Qxf3 Nf6 17. Nf5 Bc5 18. b4 e4 19. Qg3 Nh5 20. Qg4 Bxf2+ 21. Kh2
Qc7+ 22. Kh1 Ng3+ 23. Nxg3 Qxg3 24. Qxe4 f5 25. Qf3 Qxf3 26. gxf3 Rad8 27. Bg5
Rde8 28. Kg2 Bb6 29. Bc4+ Kh8 30. Rd7 Ne5 31. Bb5 Nxd7 32. Bxd7 Re2+ 33. Kg3 h6
34. Bf4 g5 35. Bd6 Rd8 36. Bb5 Re6 37. Bc5 Bc7+ 38. Kf2 Rd2+ 39. Kf1 b6 40. Bd4+
Kh7 41. Bc4 Re7 42. Re1 Rxe1+ 43. Kxe1 Rh2 44. Bd3 Kg6 45. a4 Rxh3 46. Kf2 Rh2+
47. Kg1 Rd2 48. Bc4 Bf4 0-1

[Event "Women's Speed Chess Q2"]
[Site "chess.com INT"]
[Date "2020.06.19"]
[Round "13"]
[White "Jakubowska, Anna"]
[Black "Zvereva, Margarita"]
[Result "1/2-1/2"]
[WhiteTitle "WIM"]
[BlackTitle "WFM"]
[WhiteElo "2073"]
[BlackElo "1929"]
[WhiteFideId "1121952"]
[BlackFideId "34177741"]
[EventDate "2020.06.19"]

1. e4 c5 2. Nc3 d6 3. g3 g6 4. Bg2 Bg7 5. Nge2 e6 6. d4 cxd4 7. Nxd4 a6 8. O-O
Ne7 9. Be3 O-O 10. Qd2 Nbc6 11. Rad1 Qc7 12. Nxc6 Nxc6 13. Qxd6 Qa5 14. Qc5 Qxc5
15. Bxc5 Re8 16. Na4 b5 17. Nb6 Rb8 18. Nxc8 Rbxc8 19. c3 Ne5 20. Bd4 Nc4 21.
Bxg7 Kxg7 22. b3 Ne5 23. f4 Ng4 24. Rd3 Red8 25. Rfd1 Re8 26. h3 Nh6 27. Rc1 Re7
28. Rd6 Rec7 29. c4 bxc4 30. bxc4 Rxc4 31. Rxc4 Rxc4 32. Rxa6 Rc1+ 33. Bf1 Ng8
34. Kf2 Nf6 35. Ra4 Nd7 36. Rc4 Ra1 37. Rc2 Nb6 38. Be2 Na4 39. Ke3 Kf8 40. h4
Ke7 41. Bb5 Nb6 42. Kf3 Kd8 43. Rb2 Nc8 44. a4 Nd6 45. Bd3 Rxa4 46. Rb8+ Ke7 47.
Rh8 Ra3 48. Ke2 h5 49. Rb8 Ra2+ 50. Ke3 Ra3 51. Rb4 Ra2 52. Rd4 Rg2 53. Kf3 Ra2
54. Be2 Ra3+ 55. Kf2 Ra2 56. Kf3 Ra3+ 57. Kf2 Ra2 58. Rb4 Ra3 59. Rd4 1/2-1/2

[Event "Women's Speed Chess Q2"]
[Site "chess.com INT"]
[Date "2020.06.19"]
[Round "13"]
[White "Zakirova, Aisha"]
[Black "Golubenko, Valentina"]
[Result "1-0"]
[WhiteTitle "WCM"]
[BlackTitle "WGM"]
[WhiteElo "1585"]
[BlackElo "2209"]
[WhiteFideId "13719734"]
[BlackFideId "4501993"]
[EventDate "2020.06.19"]

1. d4 g6 2. c4 Bg7 3. Nc3 c5 4. d5 Bxc3+ 5. bxc3 f5 6. Nf3 Qa5 7. Qc2 Nf6 8. e3
Ne4 9. Bd2 d6 10. Bd3 Nf6 11. O-O Nbd7 12. e4 fxe4 13. Bxe4 O-O 14. Bd3 Ne5 15.
Nxe5 dxe5 16. Rae1 Qc7 17. f4 e4 18. Bxe4 Nxe4 19. Qxe4 Rf7 20. Qe3 Bf5 21. Qg3
a6 22. Re5 b5 23. Qf3 Rd8 24. Rfe1 bxc4 25. Qe3 Rd7 26. Bc1 Qb7 27. Ba3 Rxd5 28.
Rxd5 Qxd5 29. Bxc5 e6 30. Bd4 Bd3 31. Qg3 Qf5 32. Be5 h5 33. Qh4 Rd7 34. Bd4
Rxd4 35. cxd4 c3 36. Qd8+ Kf7 37. Qc7+ Kf8 38. Qxc3 Be4 39. Qe3 Bd5 40. Qc3 Qxf4
41. Rf1 Qxf1+ 42. Kxf1 Ke7 43. Qa5 Bc4+ 44. Kg1 Bb5 45. Qc7+ Kf6 46. Qa5 Kf5 47.
a4 Ke4 48. axb5 axb5 49. Qxb5 Kxd4 50. Qg5 e5 51. Qxg6 e4 52. Qxh5 e3 53. Qe2
Ke4 54. h4 Kd4 55. h5 Ke4 56. h6 Kf4 57. h7 Ke4 58. h8=Q Kf4 59. Qf6+ Kg3 60.
Qff3+ Kh4 61. Qh3+ Kg5 62. Qeg4+ Kf6 63. Qhf3+ Ke5 64. Qxe3+ Kf6 65. Qeg5+ Kf7
66. Qd7+ Kf8 67. Qgg7# 1-0

[Event "Women's Speed Chess Q2"]
[Site "chess.com INT"]
[Date "2020.06.19"]
[Round "13"]
[White "Bodnaruk, Anastasia"]
[Black "Gunina, Valentina"]
[Result "0-1"]
[WhiteTitle "IM"]
[BlackTitle "GM"]
[WhiteElo "2411"]
[BlackElo "2431"]
[WhiteFideId "4181751"]
[BlackFideId "4167570"]
[EventDate "2020.06.19"]

1. e4 c6 2. Nf3 d5 3. exd5 cxd5 4. Ne5 Nc6 5. d4 a6 6. c3 Nf6 7. Bd3 g6 8. O-O
Bg7 9. f4 Bf5 10. Bxf5 gxf5 11. Nd2 e6 12. Qe2 Qc7 13. a4 O-O 14. Rf3 Ne4 15.
Rh3 Nxe5 16. fxe5 f6 17. Nxe4 fxe4 18. Qh5 Rf7 19. Qxh7+ Kf8 20. Bh6 Bxh6 21.
Qxh6+ Ke7 22. exf6+ Rxf6 23. Qg5 Qf4 24. Rh7+ Kd6 25. Qxf4+ Rxf4 26. Rxb7 Raf8
27. Re1 e3 28. h3 Re4 29. Re2 e5 30. dxe5+ Kxe5 31. Re7+ Kf4 32. Rd7 Ke5 33. Ra7
d4 34. cxd4+ Kxd4 35. Rd7+ Kc4 36. Rc7+ Kd3 37. Rcc2 Ref4 38. g3 Rf1+ 39. Kg2
Rd1 40. h4 Rd2 41. Rcxd2+ exd2 42. Rxd2+ Kxd2 43. h5 Ke3 44. Kh3 Ke4 45. g4 Ke5
46. Kh4 Kf6 47. g5+ Kg7 48. Kg4 Rb8 49. Kf5 Rxb2 50. h6+ Kh7 51. Kf6 Rf2+ 52.
Ke6 Kg6 53. a5 Ra2 54. h7 Kxh7 55. Kf7 Rf2+ 56. Ke6 Kg6 57. Kd6 Ra2 58. Ke6 Rxa5 0-1

[Event "Women's Speed Chess Q2"]
[Site "chess.com INT"]
[Date "2020.06.19"]
[Round "13"]
[White "Franco Valencia, Angela"]
[Black "Munkhzul, Davaakhuu"]
[Result "1-0"]
[WhiteTitle "WIM"]
[BlackTitle "WFM"]
[WhiteElo "2089"]
[BlackElo "1991"]
[WhiteFideId "4403070"]
[BlackFideId "4902815"]
[EventDate "2020.06.19"]

1. e4 e5 2. Nf3 Nc6 3. Bc4 Bc5 4. c3 Nf6 5. d3 d6 6. Nbd2 O-O 7. h3 a6 8. Bb3
Ne7 9. Nf1 Ng6 10. Be3 Ba7 11. Qd2 Be6 12. Bxe6 fxe6 13. g4 Nxe4 14. dxe4 Rxf3
15. O-O-O Qf8 16. Nh2 Bxe3 17. fxe3 Rf2 18. Qd3 Qe7 19. Qc4 b5 20. Qc6 Raf8 21.
Qxa6 b4 22. cxb4 d5 23. Qb5 c6 24. Qc5 Qb7 25. Rdf1 dxe4 26. Qc4 Qd7 27. Rd1 Qa7
28. Nf1 Kh8 29. Kb1 Qb6 30. Qb3 R2f3 31. a3 c5 32. Nd2 Rf2 33. Nxe4 Re2 34. Nxc5
Rff2 35. Rhf1 Rxb2+ 36. Qxb2 Rxb2+ 37. Kxb2 h6 38. Rd7 Qc6 39. Rff7 Qg2+ 40. Kb3
Qxh3 41. Rxg7 Qxe3+ 42. Ka4 Nf8 43. Rdf7 Qd2 44. g5 Qd1+ 45. Ka5 h5 46. Ra7 h4
47. Rgf7 Kg8 48. g6 1-0

[Event "Women's Speed Chess Q2"]
[Site "chess.com INT"]
[Date "2020.06.19"]
[Round "13"]
[White "Mukhina, Jana"]
[Black "Lesbekova, Asel"]
[Result "1-0"]
[WhiteTitle "WFM"]
[BlackTitle "WCM"]
[WhiteElo "2068"]
[BlackElo "1920"]
[WhiteFideId "34115428"]
[BlackFideId "13713248"]
[EventDate "2020.06.19"]

1. e4 c5 2. b4 d6 3. bxc5 dxc5 4. Nf3 Nc6 5. Bc4 Nf6 6. e5 Nd5 7. O-O Bg4 8. h3
Bh5 9. e6 fxe6 10. Bb2 Qb6 11. Bc3 O-O-O 12. Qe2 Nd4 13. Bxd4 cxd4 14. Bxd5 exd5
15. Qd3 Bxf3 16. Qxf3 e5 17. Qf5+ Kb8 18. d3 Bd6 19. Nd2 Qc7 20. Nf3 g6 21. Qe6
Qxc2 22. Qxd5 Bc7 23. Qe4 Rhf8 24. Rab1 b6 25. Nxe5 Bxe5 26. Qxe5+ Qc7 27. Qxc7+
Kxc7 28. Rfc1+ Kb7 29. Rb4 Rfe8 30. a4 a5 31. Rb5 Re2 32. Rcb1 Rd6 33. Rxa5 Rd2
34. Rab5 Rxd3 35. a5 Ra3 36. Rxb6+ Rxb6 37. axb6 d3 38. Kf1 Rc3 39. Ke1 Ra3 40.
Kd2 Ra2+ 41. Ke3 Ra3 42. Rd1 Kxb6 43. Rxd3 Ra7 44. Rc3 Rf7 45. f4 Kb5 46. Kf3 g5
47. g3 h6 48. Kg4 gxf4 49. gxf4 Kb4 50. Rc8 Kb5 51. Rc1 Kb6 52. f5 Rg7+ 53. Kf4
Rg2 54. Rc3 Rf2+ 55. Ke5 h5 56. f6 h4 57. Ke6 Re2+ 58. Kd7 Rd2+ 59. Ke7 Re2+ 60.
Kf8 Rg2 61. Rc4 Rg3 62. Rxh4 1-0

[Event "Women's Speed Chess Q2"]
[Site "chess.com INT"]
[Date "2020.06.19"]
[Round "13"]
[White "Goltseva, Ekaterina"]
[Black "Thipsay, Bagyashree Sathe"]
[Result "1/2-1/2"]
[WhiteTitle "FM"]
[BlackTitle "WIM"]
[WhiteElo "2306"]
[BlackElo "2072"]
[WhiteFideId "24173770"]
[BlackFideId "5001013"]
[EventDate "2020.06.19"]

1. d4 d5 2. c4 e6 3. Nc3 Be7 4. cxd5 exd5 5. Bf4 Nf6 6. e3 c6 7. h3 Bf5 8. g4
Be6 9. Nf3 Nbd7 10. Ng5 Nf8 11. Nxe6 Nxe6 12. Bg3 Qb6 13. Qb3 Bb4 14. f3 c5 15.
dxc5 Nxc5 16. Qc2 Ne6 17. Bf2 Rc8 18. Bd3 d4 19. exd4 Nd5 20. O-O h5 21. Nxd5
Rxc2 22. Nxb6 Rxf2 23. Kxf2 axb6 24. a3 Bd6 25. Rac1 Kd8 26. d5 Nf4 27. Bf5 Bc5+
28. Ke1 g6 29. Be4 Re8 30. Kd2 f5 31. gxf5 gxf5 32. b4 fxe4 33. bxc5 e3+ 34. Kc3
Ne2+ 35. Kd3 Nxc1+ 36. Rxc1 bxc5 37. Re1 Kd7 38. Rxe3 Rxe3+ 39. Kxe3 Kd6 40. Ke4
b5 41. f4 b4 42. axb4 cxb4 43. f5 b3 44. Kd3 Kxd5 45. Kc3 Ke5 46. Kxb3 Kxf5 47.
Kc3 Kf4 48. Kd3 Kg3 49. Ke4 Kxh3 50. Kf3 h4 51. Kf2 Kh2 52. Kf1 h3 53. Kf2 Kh1
54. Kf1 h2 55. Kf2 1/2-1/2

[Event "Women's Speed Chess Q2"]
[Site "chess.com INT"]
[Date "2020.06.19"]
[Round "13"]
[White "Dordzhieva, Dinara"]
[Black "Khalafova, Narmin"]
[Result "0-1"]
[WhiteTitle "WIM"]
[BlackTitle "WGM"]
[WhiteElo "2354"]
[BlackElo "2279"]
[WhiteFideId "24157570"]
[BlackFideId "13402625"]
[EventDate "2020.06.19"]

1. d4 g6 2. c4 Bg7 3. Nf3 d6 4. g3 Bg4 5. Bg2 Nc6 6. e3 e5 7. d5 Nce7 8. e4 Nf6
9. Nc3 O-O 10. h3 Bd7 11. O-O Ne8 12. Bg5 f6 13. Bd2 f5 14. b4 Nf6 15. Qe2 fxe4
16. Nxe4 Nxe4 17. Qxe4 Nf5 18. Bc3 Re8 19. Rad1 Nd4 20. Bxd4 exd4 21. Qf4 Rf8
22. Qd2 Bxh3 23. Nxd4 Bxd4 24. Bxh3 Bg7 25. Be6+ Kh8 26. Kg2 Qf6 27. Qd3 a5 28.
b5 a4 29. Rd2 a3 30. Re2 Qc3 31. Qe4 Ra4 32. Rh1 Qf6 33. f4 Rb4 34. Rf2 Rb2 35.
Qd3 Rxf2+ 36. Kxf2 Qb2+ 37. Qe2 Qc3 38. Rh3 Bd4+ 39. Kg2 Qb2 40. Kf1 Qc1+ 41.
Kg2 Qb2 42. Kf1 Qxe2+ 43. Kxe2 Kg7 44. Rh1 Bc5 45. Rb1 Ra8 46. Rb3 Ra4 47. Kd3
Kf6 48. Rb1 Ke7 49. g4 Kf6 50. g5+ Kg7 51. Rh1 Rb4 52. Rh2 Rb1 53. Kc3 Rc1+ 54.
Kb3 Rf1 55. Rh4 Rf3+ 56. Kc2 Rf2+ 57. Kb1 Rb2+ 58. Kc1 Rxa2 59. f5 gxf5 60. Bxf5
Ra1+ 61. Kc2 Rg1 62. Rxh7+ Kg8 0-1

[Event "Women's Speed Chess Q2"]
[Site "chess.com INT"]
[Date "2020.06.19"]
[Round "13"]
[White "Nandhidhaa, P V"]
[Black "Vijayalakshmi, Subbaraman"]
[Result "0-1"]
[WhiteTitle "WGM"]
[BlackTitle "IM"]
[WhiteElo "2365"]
[BlackElo "2332"]
[WhiteFideId "5050847"]
[BlackFideId "5004098"]
[EventDate "2020.06.19"]

1. e4 e5 2. Nf3 Nc6 3. Nc3 Nf6 4. Bb5 Bb4 5. O-O O-O 6. d3 Bxc3 7. bxc3 d6 8.
Bg5 h6 9. Bh4 Ne7 10. Bc4 Ng6 11. Bg3 Be6 12. Bb3 Qe7 13. Nh4 Nxh4 14. Bxh4 g5
15. Bg3 Bg4 16. Qd2 Nh5 17. d4 Rad8 18. Qe3 b6 19. h3 Bc8 20. Rad1 Kg7 21. Rd2
f6 22. Qf3 Nf4 23. Rfd1 Qe8 24. Bh2 Qg6 25. Bxf4 gxf4 26. Kh2 Kh8 27. Rg1 Qg5
28. Rdd1 f5 29. exf5 Bxf5 30. Bd5 Bxc2 31. Rd2 Bh7 32. Re2 Rde8 33. Rge1 Qf6 34.
dxe5 dxe5 35. Be4 Re7 36. Bxh7 Kxh7 37. Re4 Rfe8 38. Qd3 Kg7 39. Qd5 Qd6 40. Qc4
Kf6 41. g3 fxg3+ 42. fxg3 Qe6 43. Rf1+ Kg7 44. Rg4+ Kh8 45. Qe4 Qxa2+ 46. Kh1
Qe6 47. Rf5 Rf7 48. Rxf7 Qxf7 49. Kg2 Re6 50. h4 Re8 51. Qc6 Re6 52. Qa8+ Qe8
53. Qe4 Qc6 54. Qxc6 Rxc6 55. c4 a5 56. Kf3 h5 57. Re4 Kg7 58. Rxe5 Rxc4 59.
Rxh5 a4 60. Rg5+ Kf7 61. Rf5+ Ke7 62. Re5+ Kf7 63. Rf5+ Kg6 64. Rg5+ Kh6 65. Rg8
b5 66. g4 a3 67. g5+ Kh7 68. Ra8 Ra4 69. Rc8 Rc4 70. h5 a2 71. Ra8 Ra4 72. Rc8
Ra7 73. g6+ Kg7 74. h6+ Kxh6 0-1

[Event "Women's Speed Chess Q2"]
[Site "chess.com INT"]
[Date "2020.06.19"]
[Round "13"]
[White "Tereladze, Sopiko"]
[Black "Shvedova, Alexandra"]
[Result "1-0"]
[WhiteTitle "WIM"]
[BlackTitle "WFM"]
[WhiteElo "2141"]
[BlackElo "1994"]
[WhiteFideId "13600486"]
[BlackFideId "54154782"]
[EventDate "2020.06.19"]

1. d4 d5 2. Nf3 Nf6 3. Bf4 c5 4. e3 Nc6 5. c3 Qb6 6. b3 Bf5 7. Bd3 Bxd3 8. Qxd3
e6 9. Nbd2 Be7 10. O-O O-O 11. Ne5 Nxe5 12. Bxe5 Nd7 13. Bg3 Rac8 14. Rac1 Qa5
15. Rc2 b5 16. Rfc1 c4 17. Qe2 Nf6 18. e4 dxe4 19. Nxe4 Nxe4 20. Qxe4 cxb3 21.
axb3 Qa3 22. b4 a5 23. bxa5 Qxa5 24. h3 Ba3 25. Rb1 Rxc3 26. Rxc3 Qxc3 27. Rxb5
Rd8 28. Be5 Qc4 29. Rb7 Qa6 30. Qf3 Rf8 31. Qg4 g6 32. Qf3 Bd6 33. g4 Bxe5 34.
dxe5 Qa1+ 35. Kg2 Qxe5 36. Qc6 Qg5 37. Qd7 Kg7 38. Kg3 Qe5+ 39. Kg2 Qe4+ 40. Kg3
e5 41. Qe7 Qf4+ 42. Kg2 e4 43. Rd7 Qf3+ 44. Kg1 Qxh3 45. Qxe4 Qc3 46. Kg2 Qb2
47. Qe7 Qc2 48. Rc7 Qd3 49. Rd7 Qc3 50. g5 Qc4 51. Rd6 1-0

[Event "Women's Speed Chess Q2"]
[Site "chess.com INT"]
[Date "2020.06.19"]
[Round "13"]
[White "Antolak, Julia"]
[Black "Mrudul, Dehankar"]
[Result "1-0"]
[WhiteTitle "WIM"]
[BlackTitle "WIM"]
[WhiteElo "2323"]
[BlackElo "2256"]
[WhiteFideId "1159569"]
[BlackFideId "25096990"]
[EventDate "2020.06.19"]

1. e4 c5 2. Nf3 d6 3. d4 cxd4 4. Nxd4 Nf6 5. Nc3 a6 6. Bg5 Nbd7 7. Bc4 Qc7 8.
Bb3 e6 9. Qd2 b5 10. f3 Bb7 11. O-O-O h6 12. Bh4 Nc5 13. Kb1 Be7 14. Bf2 O-O-O
15. Rhe1 Nfd7 16. Be3 Nb6 17. Qf2 Bf6 18. g4 Kb8 19. h4 Be7 20. Rh1 Ka8 21. Nce2
d5 22. exd5 Nxd5 23. Bxd5 Bxd5 24. Nb3 Nxb3 25. axb3 Rc8 26. Nc3 Bb7 27. Bd4 e5
28. Be3 Rhd8 29. Rxd8 Bxd8 30. Rd1 Bf6 31. Nd5 Bxd5 32. Rxd5 Qc6 33. Qd2 Qb7 34.
g5 hxg5 35. hxg5 Be7 36. Rxe5 Rd8 37. Qe2 Bd6 38. Re4 Bc7 39. Bd4 Qd5 40. Qe3 g6
41. Ka2 Rc8 42. c3 Bd6 43. Re8 Qc6 44. Rxc8+ Qxc8 45. Qe4+ Kb8 46. Qd5 Qd7 47.
Be5 Kc7 48. Bxd6+ Qxd6 49. Qxf7+ Kb6 50. Qf6 Kc6 51. Qxd6+ Kxd6 52. Ka3 Ke5 53.
Kb4 Kf4 54. c4 Kxg5 55. c5 Kf4 56. c6 Kxf3 57. c7 g5 58. c8=Q g4 59. Qxa6 g3 60.
Qxb5 g2 61. Qc6+ 1-0